| 000 | 00385nam a2200145Ia 4500 | ||
|---|---|---|---|
| 008 | 150201s1999 xx 000 0 und d | ||
| 082 |
_a615.695 _bO1999R |
||
| 100 | _aREQEZI, J.A. | ||
| 245 | _aORAL PATHOLOGY CLINICAL PATHOLOGIC CORRELATIONS | ||
| 250 | _a3RD | ||
| 260 |
_bW.B.SAUNDERS COMPANY _aPHILADELPHIA _c1999 |
||
| 300 | _a1-538 | ||
| 650 | _aORAL PATHOLOGY | ||
| 942 |
_2ddc _cBK |
||
| 999 |
_c2866 _d2866 |
||